000 01660nam a22002177a 4500
999 _c63725
_d63725
003 Ge_BSU
005 20251216145458.0
008 251216s2021 ge ||||| |||| 00| 0 geo d
020 _a9789941975011
041 _ageo
080 _a78(479.22)(09) ჭ-23
100 _aჭანტურიძე, სალომე
_914483
245 _aსაქართველოს დემოკრატიული რესპუბლიკის 1918-1921 სამუსიკო ცხოვრება /
_cშემდგენლები: სალომე ჭანტურიძე, მირიან ხოსიტაშვილი; რედაქტორი კატო ჯავახიშვილი; სამუშაო ჯგუფი: ნინო ჟვანია, ზურაბ ლეჟავა, ნიალა გოძიაშვილი [და სხვა] ; დიზაინერ-დამკაბადონებელი გიგი გელაშვილი.
264 _aთბილისი :
_bსაქართველოს პარლამენტის ეროვნული ბიბლიოთეკა,
_c2021.
300 _a132 გვ. :
_b ფოტ. ;
_c24 სმ.
653 _aქართული მუსიკის ისტორია
700 _aხოსიტაშვილი, მირიან
_e შემდგენელი
_926524
700 _aჯავახიშვილი, კატო, რედაქტორი.
_926525
700 _aგელაშვილი, გიგი
_eდიზაინერი
_926512
942 _2udc
_cᲬᲘᲒᲜᲘ